[Event "Skakligaen 2005/06"]
[Site "Denmark"]
[Date "2006.01.14"]
[Round "4.1"]
[White "Hector, Jonny"]
[Black "Rasmussen, Karsten"]
[Result "1-0"]
[WhiteElo "2509"]
[BlackElo "2455"]
[PlyCount "83"]
[EventDate "2005.11.05"]
[EventType "team"]
[EventRounds "9"]
[EventCountry "DEN"]
[WhiteTeam "Nordkalotten"]
[BlackTeam "Skolerne"]
[WhiteTeamCountry "DEN"]
[BlackTeamCountry "DEN"]

1. e4 c6 2. d4 d5 3. Nd2 dxe4 4. Nxe4 Bf5 5. Ng3 Bg6 6. h4 h6 7. Nf3 Nd7 8. h5
Bh7 9. Bd3 Bxd3 10. Qxd3 e6 11. Bf4 Qa5+ 12. Nd2 Ngf6 13. c4 Be7 14. Qe2 O-O
15. O-O Rfe8 16. a3 b5 17. Rac1 bxc4 18. Nxc4 Qb5 19. b4 Nb6 20. Na5 Qxe2 21.
Nxe2 Nxh5 22. Be5 Nf6 23. Nxc6 Nfd5 24. Nc3 Bg5 25. Nxd5 Nxd5 26. Rc5 a6 27.
Bd6 Bd8 28. Rb1 Bb6 29. Rc4 Nf6 30. Rbc1 Ne4 31. Bc5 Bc7 32. a4 Bf4 33. Re1 f5
34. Rc2 Kf7 35. b5 Rec8 36. g3 axb5 37. axb5 Bb8 38. Bb4 Ba7 39. Rec1 Kf6 40.
Be7+ Kf7 41. Ne5+ Kxe7 42. Rxc8 1-0

[Event "Skakligaen 2005/06"]
[Site "Denmark"]
[Date "2006.01.14"]
[Round "4.2"]
[White "Sorensen, Jan"]
[Black "Brynell, Stellan"]
[Result "1/2-1/2"]
[WhiteElo "2416"]
[BlackElo "2496"]
[PlyCount "83"]
[EventDate "2005.11.05"]
[EventType "team"]
[EventRounds "9"]
[EventCountry "DEN"]
[WhiteTeam "Skolerne"]
[BlackTeam "Nordkalotten"]
[WhiteTeamCountry "DEN"]
[BlackTeamCountry "DEN"]

1. e4 e6 2. d4 d5 3. Nd2 c5 4. exd5 exd5 5. Bb5+ Bd7 6. Qe2+ Be7 7. dxc5 Nf6 8.
Nb3 O-O 9. Be3 Re8 10. Nf3 a6 11. Bd3 Ba4 12. Nfd4 Nbd7 13. O-O-O a5 14. a3
Bxb3 15. Nxb3 a4 16. Nd4 Bxc5 17. Qf3 Qb6 18. Nf5 g6 19. Bxc5 Qxc5 20. Ng3 Kg7
21. Qf4 Ne5 22. Kb1 Re6 23. Rd2 d4 24. Be2 Rd8 25. Rhd1 Rb6 26. Ka1 Rd5 27.
Rxd4 Qxc2 28. Qd2 Qb3 29. Rxd5 Nxd5 30. Qd4 f6 31. Rc1 Nc6 32. Qd2 Na5 33. Bd1
Qb5 34. Ne4 Nc4 35. Qd4 Rc6 36. Be2 Ndb6 37. Bxc4 Nxc4 38. Qd7+ Kh6 39. Qh3+
Kg7 40. Qd7+ Kh6 41. Qh3+ Kg7 42. Qd7+ 1/2-1/2

[Event "Skakligaen 2005/06"]
[Site "Denmark"]
[Date "2006.01.14"]
[Round "4.3"]
[White "Kristensen, Kaare Hove"]
[Black "Glud, Jakob Vang"]
[Result "1/2-1/2"]
[WhiteElo "2314"]
[BlackElo "2404"]
[PlyCount "89"]
[EventDate "2005.11.05"]
[EventType "team"]
[EventRounds "9"]
[EventCountry "DEN"]
[WhiteTeam "Nordkalotten"]
[BlackTeam "Skolerne"]
[WhiteTeamCountry "DEN"]
[BlackTeamCountry "DEN"]

1. e4 e6 2. d4 d5 3. Nc3 Nf6 4. e5 Nfd7 5. f4 c5 6. Nf3 Nc6 7. Be3 a6 8. Qd2 b5
9. dxc5 Bxc5 10. O-O-O Qb6 11. Bxc5 Nxc5 12. Bd3 Bd7 13. Kb1 Rb8 14. g4 Na4 15.
f5 Nxc3+ 16. Qxc3 Qa5 17. Qxa5 Nxa5 18. Nd4 Nc6 19. Nxc6 Bxc6 20. fxe6 fxe6 21.
Rhf1 Ke7 22. Rf4 Rbf8 23. Rdf1 Rxf4 24. Rxf4 g5 25. Rf2 h5 26. Be2 Be8 27. b4
hxg4 28. Bxg4 Rh4 29. Rg2 Bg6 30. h3 Bf5 31. Kb2 Bxg4 32. Rxg4 Kf7 33. Rxh4
gxh4 34. a4 Kg6 35. axb5 axb5 36. Kc3 Kf5 37. Kd4 Kf4 38. Kc5 Kxe5 39. Kxb5 Kd6
40. Ka6 Kc7 41. b5 Kb8 42. Kb6 e5 43. Kc5 e4 44. Kd4 Kb7 45. c4 1/2-1/2

[Event "Skakligaen 2005/06"]
[Site "Denmark"]
[Date "2006.01.14"]
[Round "4.4"]
[White "Ochsner, Thomas"]
[Black "Nielsen, Lars Aaes"]
[Result "1-0"]
[WhiteElo "2347"]
[BlackElo "2182"]
[PlyCount "143"]
[EventDate "2005.11.05"]
[EventType "team"]
[EventRounds "9"]
[EventCountry "DEN"]
[WhiteTeam "Skolerne"]
[BlackTeam "Nordkalotten"]
[WhiteTeamCountry "DEN"]
[BlackTeamCountry "DEN"]

1. e4 c5 2. c3 e6 3. d4 d5 4. exd5 exd5 5. Nf3 Nc6 6. Bb5 Bd6 7. O-O Nge7 8.
dxc5 Bxc5 9. Nbd2 O-O 10. Nb3 Bb6 11. Re1 Bg4 12. Bd3 h6 13. Bc2 Re8 14. Be3
Bc7 15. Qd3 Ng6 16. Nbd4 a6 17. h3 Bxf3 18. Nxf3 Qd6 19. g3 Re4 20. Rad1 Rd8
21. Qxe4 dxe4 22. Rxd6 Rxd6 23. Bxe4 b6 24. Kg2 Nge5 25. Bf4 Rd7 26. Bf5 Re7
27. Nd4 Bd8 28. Bc8 a5 29. Nf5 Rc7 30. Bxe5 Nxe5 31. Rxe5 Rxc8 32. Re8+ Kh7 33.
Nd6 Rb8 34. Nxf7 Bc7 35. Re7 Rc8 36. f4 Kg6 37. Ne5+ Bxe5 38. Rxe5 Kf6 39. Rb5
Rc6 40. Kf3 Ke7 41. g4 Kd7 42. g5 Rd6 43. Ke3 Kc6 44. a4 hxg5 45. Rxg5 Rh6 46.
Kd4 Rd6+ 47. Ke3 Rh6 48. Rxg7 Rxh3+ 49. Kd4 Rh2 50. b3 Rd2+ 51. Kc4 Rf2 52. Rf7
Rf3 53. Rf6+ Kc7 54. Kd4 Rh3 55. Rf7+ Kd6 56. Kc4 Kc6 57. Rf6+ Kc7 58. f5 Rf3
59. b4 Re3 60. Re6 Rf3 61. Re5 Kd6 62. Rb5 Rf4+ 63. Kd3 axb4 64. cxb4 Kc6 65.
Ke3 Rf1 66. Re5 Kd6 67. Re6+ Kc7 68. Ke4 Rb1 69. f6 Rxb4+ 70. Ke5 Rb1 71. f7
Re1+ 72. Kf6 1-0

[Event "Skakligaen 2005/06"]
[Site "Denmark"]
[Date "2006.01.14"]
[Round "4.5"]
[White "Jakobsen, Peter"]
[Black "Christensen, Tobias"]
[Result "1-0"]
[WhiteElo "2162"]
[BlackElo "2322"]
[PlyCount "83"]
[EventDate "2005.11.05"]
[EventType "team"]
[EventRounds "9"]
[EventCountry "DEN"]
[WhiteTeam "Nordkalotten"]
[BlackTeam "Skolerne"]
[WhiteTeamCountry "DEN"]
[BlackTeamCountry "DEN"]

1. c4 Nf6 2. g3 e5 3. Bg2 Nc6 4. Nc3 d6 5. e4 Be6 6. Nd5 Nd4 7. d3 c6 8. Nxf6+
Qxf6 9. Be3 c5 10. Bxd4 cxd4 11. Ne2 Qd8 12. Qd2 Be7 13. f4 f6 14. O-O Qd7 15.
Kh1 O-O-O 16. b4 g5 17. a4 h5 18. a5 g4 19. Kg1 Rdg8 20. Rfc1 Qc6 21. Rc2 Kd7
22. f5 Bf7 23. Nxd4 exd4 24. e5 fxe5 25. Bxc6+ bxc6 26. b5 Bg5 27. Qg2 Be3+ 28.
Kf1 Rc8 29. Rb1 cxb5 30. Rxb5 Rc7 31. Rb7 Rf8 32. Rcb2 d5 33. Rxc7+ Kxc7 34.
cxd5 Kd6 35. Rb5 Be8 36. Qb2 Rxf5+ 37. Ke1 Bxb5 38. Qxb5 Rf2 39. Qc6+ Ke7 40.
Qe6+ Kf8 41. d6 Rxh2 42. d7 1-0

[Event "Skakligaen 2005/06"]
[Site "Denmark"]
[Date "2006.01.14"]
[Round "4.6"]
[White "Rasmussen, Casper Dahl"]
[Black "Koch, Soren Andreas"]
[Result "1-0"]
[WhiteElo "2324"]
[BlackElo "2106"]
[PlyCount "111"]
[EventDate "2005.11.05"]
[EventType "team"]
[EventRounds "9"]
[EventCountry "DEN"]
[WhiteTeam "Skolerne"]
[BlackTeam "Nordkalotten"]
[WhiteTeamCountry "DEN"]
[BlackTeamCountry "DEN"]

1. c4 Nf6 2. g3 e6 3. Bg2 d5 4. Nf3 Be7 5. b3 O-O 6. Bb2 c5 7. O-O Nc6 8. d3
Qc7 9. Nbd2 b6 10. Rc1 Bb7 11. cxd5 Nxd5 12. d4 Rad8 13. a3 a6 14. dxc5 Bxc5
15. b4 Be7 16. e4 Nf6 17. Qe2 Qb8 18. e5 Nd5 19. Ne4 h6 20. h4 Rd7 21. Rc2 Qa8
22. Rd1 Rfd8 23. Rcd2 Qc8 24. Bh3 Nc7 25. Nd6 Bxd6 26. exd6 Ne8 27. Bxe6 fxe6
28. Qxe6+ Kh7 29. Qe4+ Kg8 30. Qg6 Qb8 31. h5 Rxd6 32. Rxd6 Rxd6 33. Rxd6 Qxd6
34. Qxe8+ Kh7 35. Qf7 Qe7 36. Qxe7 Nxe7 37. Ne5 Nd5 38. Bd4 Kg8 39. f3 Kf8 40.
Kf2 Ke7 41. Nc4 Nf6 42. Bxf6+ Kxf6 43. Nxb6 Kg5 44. Nd7 Kxh5 45. Nc5 Bc8 46. a4
Kg5 47. b5 axb5 48. axb5 h5 49. Ne4+ Kh6 50. Nd6 Be6 51. b6 Bd5 52. b7 Bxb7 53.
Nxb7 Kg5 54. Nd6 h4 55. Ne4+ Kh5 56. g4+ 1-0

[Event "Skakligaen 2005/06"]
[Site "Denmark"]
[Date "2006.01.14"]
[Round "4.7"]
[White "Lilja, Richard"]
[Black "Pedersen, Finn"]
[Result "0-1"]
[WhiteElo "2014"]
[BlackElo "2315"]
[PlyCount "88"]
[EventDate "2005.11.05"]
[EventType "team"]
[EventRounds "9"]
[EventCountry "DEN"]
[WhiteTeam "Nordkalotten"]
[BlackTeam "Skolerne"]
[WhiteTeamCountry "DEN"]
[BlackTeamCountry "DEN"]

1. e4 c6 2. d4 d5 3. Nd2 dxe4 4. Nxe4 Nf6 5. Nxf6+ exf6 6. Bc4 Bd6 7. Qe2+ Be7
8. c3 O-O 9. Nf3 Re8 10. O-O Bd6 11. Qd3 Bg4 12. Bd2 Nd7 13. Rfe1 Qc7 14. h3
Bh5 15. Nh4 Nf8 16. Kh1 Bf4 17. g3 Bxd2 18. Qxd2 Qd7 19. Kh2 c5 20. Qd3 cxd4
21. Bb5 Rxe1 22. Bxd7 Rxa1 23. Ba4 Rxa2 24. Qxd4 Rxb2 25. c4 Rb4 26. Bc2 Bg6
27. Qc3 a5 28. Nxg6 hxg6 29. Be4 Ne6 30. h4 Rc8 31. Bd5 Nc7 32. Bg2 Na6 33. Qd3
Rc5 34. Bd5 Nc7 35. Qe3 b6 36. h5 Nxd5 37. cxd5 Rxd5 38. hxg6 Rh5+ 39. Kg2 fxg6
40. f3 Rb2+ 41. Kg1 Rhh2 42. Qe6+ Kh7 43. Qg4 a4 44. f4 f5 0-1

[Event "Skakligaen 2005/06"]
[Site "Denmark"]
[Date "2006.01.14"]
[Round "4.8"]
[White "Jacobsen, Bo"]
[Black "Andersen, Peter Vestergaard"]
[Result "1-0"]
[WhiteElo "2279"]
[BlackElo "1949"]
[PlyCount "115"]
[EventDate "2005.11.05"]
[EventType "team"]
[EventRounds "9"]
[EventCountry "DEN"]
[WhiteTeam "Skolerne"]
[BlackTeam "Nordkalotten"]
[WhiteTeamCountry "DEN"]
[BlackTeamCountry "DEN"]

1. c4 Nf6 2. g3 e6 3. Nf3 d5 4. Bg2 Be7 5. O-O O-O 6. b3 c6 7. Bb2 Qb6 8. Qc2
Nbd7 9. d3 Rd8 10. Nbd2 Ne8 11. Rab1 f6 12. b4 Qc7 13. Ba1 Kh8 14. Rfc1 dxc4
15. Nxc4 e5 16. d4 exd4 17. Nxd4 Nb6 18. Ne3 Qd7 19. Be4 Qh3 20. b5 Bd7 21. Qb3
c5 22. Qf7 Nd6 23. Qxe7 Nxe4 24. Qxe4 cxd4 25. Bxd4 Qe6 26. Qh4 Nd5 27. Rb3
Rac8 28. Rd1 Nxe3 29. Rxe3 Qf7 30. a4 b6 31. Bc3 Be6 32. Rd4 Rxd4 33. Qxd4 h6
34. Qd6 Re8 35. Rf3 Qd7 36. Qxd7 Bxd7 37. Rd3 Bf5 38. Rd2 Be6 39. e4 Rc8 40.
Bb2 Rc4 41. e5 fxe5 42. Bxe5 Kg8 43. f4 g6 44. a5 bxa5 45. Rd8+ Kf7 46. Ra8
Rc1+ 47. Kf2 Rb1 48. Rxa7+ Ke8 49. Ra6 Bf5 50. b6 Be4 51. Bc7 Rb5 52. Ke3 Bd5
53. Kd4 Bc6 54. b7 Bxb7 55. Rxg6 Bf3 56. Rxh6 a4 57. Kc4 Rf5 58. Kb4 1-0

[Event "Skakligaen 2005/06"]
[Site "Denmark"]
[Date "2006.01.14"]
[Round "4.1"]
[White "Nielsen, Peter Heine"]
[Black "Pedersen, Nicolai Vesterbaek"]
[Result "0-1"]
[WhiteElo "2653"]
[BlackElo "2521"]
[PlyCount "56"]
[EventDate "2005.11.05"]
[EventType "team"]
[EventRounds "9"]
[EventCountry "DEN"]
[WhiteTeam "Helsinge"]
[BlackTeam "Aalborg"]
[WhiteTeamCountry "DEN"]
[BlackTeamCountry "DEN"]

1. d4 Nf6 2. Nf3 c5 3. d5 b5 4. c4 g6 5. cxb5 a6 6. b6 Qxb6 7. Nc3 d6 8. e4 Bg7
9. Nd2 O-O 10. Be2 Nbd7 11. Nc4 Qc7 12. Bf4 Rb8 13. Qd2 Nb6 14. Ne3 Na4 15.
Nxa4 Nxe4 16. Qc2 Qa5+ 17. Kf1 Rb4 18. Nc4 Qxa4 19. Qxe4 Bf5 20. Qxe7 Re8 21.
Qxd6 Bxb2 22. Nxb2 Rxb2 23. Be3 Rxe2 24. Kxe2 Qc4+ 25. Ke1 Qc3+ 26. Ke2 Bg4+
27. f3 Qxe3+ 28. Kf1 Bf5 0-1

[Event "Skakligaen 2005/06"]
[Site "Denmark"]
[Date "2006.01.14"]
[Round "4.2"]
[White "Pedersen, Erik"]
[Black "Schandorff, Lars"]
[Result "1/2-1/2"]
[WhiteElo "2408"]
[BlackElo "2530"]
[PlyCount "54"]
[EventDate "2005.11.05"]
[EventType "team"]
[EventRounds "9"]
[EventCountry "DEN"]
[WhiteTeam "Aalborg"]
[BlackTeam "Helsinge"]
[WhiteTeamCountry "DEN"]
[BlackTeamCountry "DEN"]

1. d4 Nf6 2. Nf3 d5 3. e3 c5 4. b3 Nc6 5. Bb2 Bg4 6. h3 Bxf3 7. Qxf3 Qa5+ 8.
Bc3 Qb6 9. dxc5 Qxc5 10. Bd3 e5 11. Qg3 d4 12. exd4 exd4 13. Bd2 Qe5+ 14. Qxe5+
Nxe5 15. Bb5+ Nc6 16. O-O O-O-O 17. a4 Bd6 18. Na3 Ne4 19. Be1 Ne5 20. Nc4 Bc7
21. Nxe5 Bxe5 22. Bd3 Nc5 23. Bf5+ Kc7 24. Bb4 Na6 25. Ba3 Bd6 26. Bb2 Bb4 27.
c3 dxc3 1/2-1/2

[Event "Skakligaen 2005/06"]
[Site "Denmark"]
[Date "2006.01.14"]
[Round "4.3"]
[White "Berg, Emanuel"]
[Black "Jakobsen, Lars Veno"]
[Result "1-0"]
[WhiteElo "2540"]
[BlackElo "2337"]
[PlyCount "65"]
[EventDate "2005.11.05"]
[EventType "team"]
[EventRounds "9"]
[EventCountry "DEN"]
[WhiteTeam "Helsinge"]
[BlackTeam "Aalborg"]
[WhiteTeamCountry "DEN"]
[BlackTeamCountry "DEN"]

1. e4 c5 2. Nf3 e6 3. d4 cxd4 4. Nxd4 a6 5. Bd3 Qb6 6. Nb3 Qc7 7. O-O Nf6 8. c4
d6 9. Nc3 Be7 10. f4 O-O 11. Qe2 Nbd7 12. Bd2 b6 13. Nd4 Re8 14. Rae1 Qc5 15.
Kh1 Bb7 16. Rf3 Rad8 17. Rh3 Nf8 18. Nc2 Qc7 19. Ne3 Ng6 20. Ng4 Nd7 21. f5
Ngf8 22. fxe6 fxe6 23. e5 Nxe5 24. Nxe5 dxe5 25. Qh5 e4 26. Nxe4 g6 27. Qf3 Qe5
28. Bc3 Qf5 29. Qg3 Bxe4 30. Bxe4 Bd6 31. Qd3 Qg4 32. Qd4 e5 33. Bd5+ 1-0

[Event "Skakligaen 2005/06"]
[Site "Denmark"]
[Date "2006.01.14"]
[Round "4.4"]
[White "Meyer, Lars August"]
[Black "Hutters, Tomas"]
[Result "0-1"]
[WhiteElo "2259"]
[BlackElo "2440"]
[PlyCount "62"]
[EventDate "2005.11.05"]
[EventType "team"]
[EventRounds "9"]
[EventCountry "DEN"]
[WhiteTeam "Aalborg"]
[BlackTeam "Helsinge"]
[WhiteTeamCountry "DEN"]
[BlackTeamCountry "DEN"]

1. d4 d6 2. Nf3 Nf6 3. c4 g6 4. Nc3 Bg7 5. e4 O-O 6. Be2 c5 7. O-O cxd4 8. Nxd4
Nbd7 9. Be3 Re8 10. Rc1 b6 11. f3 Bb7 12. b4 a6 13. Nb3 e6 14. Qxd6 Bf8 15. Qd4
Bxb4 16. e5 Nh5 17. Rfd1 Bc6 18. g4 Ng7 19. Ne4 Be7 20. Nd6 Rf8 21. Qb2 Rb8 22.
Rd2 f6 23. Nd4 Ba8 24. Bh6 fxe5 25. Bxg7 exd4 26. Bxf8 Qxf8 27. Qxd4 e5 28. Qd3
Nc5 29. Qa3 Bxd6 30. Rcd1 Be7 31. Qe3 Ne4 0-1

[Event "Skakligaen 2005/06"]
[Site "Denmark"]
[Date "2006.01.14"]
[Round "4.5"]
[White "Pedersen, Steffen"]
[Black "Hellegaard, Carsten"]
[Result "1-0"]
[WhiteElo "2463"]
[BlackElo "2250"]
[PlyCount "63"]
[EventDate "2005.11.05"]
[EventType "team"]
[EventRounds "9"]
[EventCountry "DEN"]
[WhiteTeam "Helsinge"]
[BlackTeam "Aalborg"]
[WhiteTeamCountry "DEN"]
[BlackTeamCountry "DEN"]

1. d4 Nf6 2. c4 e6 3. Nf3 b6 4. a3 Bb7 5. Nc3 d5 6. cxd5 Nxd5 7. Qc2 Nxc3 8.
bxc3 Nd7 9. e4 c5 10. Bd3 Be7 11. O-O O-O 12. Qe2 Qc7 13. Rd1 Rfe8 14. e5 Nf8
15. Ng5 cxd4 16. cxd4 Rec8 17. Qg4 Qc3 18. Be3 Qb3 19. Ne4 Ng6 20. h4 Nxh4 21.
Nd6 Bxg2 22. Bxh7+ Kf8 23. Bh6 Bxd6 24. Qxg7+ Ke8 25. exd6 Qh3 26. Qf8+ Kd7 27.
Qxf7+ Kc6 28. d5+ Bxd5 29. Rac1+ Kb5 30. Rxd5+ exd5 31. Qxd5+ Ka4 32. Qd4+ 1-0

[Event "Skakligaen 2005/06"]
[Site "Denmark"]
[Date "2006.01.14"]
[Round "4.6"]
[White "Nielsen, Steffen Slumstrup"]
[Black "Bekker Jensen, Simon"]
[Result "1/2-1/2"]
[WhiteElo "2222"]
[BlackElo "2410"]
[PlyCount "104"]
[EventDate "2005.11.05"]
[EventType "team"]
[EventRounds "9"]
[EventCountry "DEN"]
[WhiteTeam "Aalborg"]
[BlackTeam "Helsinge"]
[WhiteTeamCountry "DEN"]
[BlackTeamCountry "DEN"]

1. e4 c5 2. Nf3 d6 3. d4 Nf6 4. Nc3 cxd4 5. Nxd4 a6 6. Bg5 e6 7. f4 Be7 8. Qf3
Qa5 9. O-O-O Bd7 10. e5 dxe5 11. fxe5 Nc6 12. Nf5 exf5 13. exf6 gxf6 14. Bf4
Be6 15. Kb1 Rc8 16. Bd6 Bxd6 17. Rxd6 Qe5 18. Rd1 O-O 19. Bd3 Nd4 20. Qf2 Rxc3
21. bxc3 Nb5 22. Bxb5 Qxb5+ 23. Kc1 Bxa2 24. Rd3 Re8 25. Re1 Rxe1+ 26. Qxe1
Qb1+ 27. Kd2 Qxe1+ 28. Kxe1 Be6 29. Rd4 Kf8 30. Kd2 b5 31. g3 a5 32. Rd6 a4 33.
Ra6 Kg7 34. Ke3 h5 35. Ra5 Bc4 36. Kf4 Kg6 37. Ra8 Bf1 38. Ke3 Bc4 39. Ra7 Kg5
40. Ra6 Be6 41. Ra5 Bc4 42. Kf3 Bd5+ 43. Kf2 Bc4 44. Ra8 f4 45. gxf4+ Kxf4 46.
Ra6 f5 47. Ra8 Kg4 48. Rg8+ Kh3 49. Ra8 h4 50. Kg1 f4 51. Ra6 f5 52. Ra7 Bd5
1/2-1/2

[Event "Skakligaen 2005/06"]
[Site "Denmark"]
[Date "2006.01.14"]
[Round "4.7"]
[White "Bekker Jensen, David"]
[Black "Hjorth, Torben"]
[Result "1-0"]
[WhiteElo "2285"]
[BlackElo "2201"]
[PlyCount "117"]
[EventDate "2005.11.05"]
[EventType "team"]
[EventRounds "9"]
[EventCountry "DEN"]
[WhiteTeam "Helsinge"]
[BlackTeam "Aalborg"]
[WhiteTeamCountry "DEN"]
[BlackTeamCountry "DEN"]

1. d4 Nc6 2. Nf3 d5 3. Bg5 Bg4 4. e3 f6 5. Bh4 Qd7 6. c4 e6 7. Nc3 Bb4 8. Rc1
Nge7 9. Be2 O-O 10. O-O Rad8 11. a3 Bxc3 12. Rxc3 Nf5 13. Bg3 Bxf3 14. Bxf3
Nxg3 15. hxg3 Ne7 16. cxd5 exd5 17. Qc2 c6 18. b4 Qd6 19. Rb1 a6 20. a4 Ra8 21.
Rc5 Ra7 22. Rc3 Raa8 23. Rcb3 Rfd8 24. g4 g6 25. g3 Kg7 26. Kg2 Re8 27. b5 axb5
28. axb5 Ra7 29. bxc6 bxc6 30. Qb2 Rea8 31. Rb7 Rxb7 32. Qxb7 Rd8 33. Be2 Rd7
34. Qa6 Qc7 35. Qa4 Qa7 36. Ba6 Rc7 37. Qa5 Rd7 38. Rb6 Nc8 39. Rxc6 Ne7 40.
Rc5 Qb8 41. Be2 Ra7 42. Qc3 Qd8 43. Bf3 Rd7 44. Qb3 Rd6 45. Rb5 Rd7 46. Rb6 Qc7
47. Qb5 Qd8 48. Qa6 Ng8 49. Rc6 Qe7 50. Rc5 Qd8 51. Qa2 Ne7 52. Rb5 Rd6 53. Rb7
Rd7 54. Bxd5 Rxb7 55. Bxb7 Qc7 56. Bf3 Nc8 57. Qd5 Nd6 58. e4 Nf7 59. Be2 1-0

[Event "Skakligaen 2005/06"]
[Site "Denmark"]
[Date "2006.01.14"]
[Round "4.8"]
[White "Nielsen, Jorgen G"]
[Black "Lauridsen, Jesper Morch"]
[Result "1/2-1/2"]
[WhiteElo "2149"]
[BlackElo "2225"]
[PlyCount "35"]
[EventDate "2005.11.05"]
[EventType "team"]
[EventRounds "9"]
[EventCountry "DEN"]
[WhiteTeam "Aalborg"]
[BlackTeam "Helsinge"]
[WhiteTeamCountry "DEN"]
[BlackTeamCountry "DEN"]

1. d4 d5 2. c4 e6 3. Nc3 c5 4. cxd5 exd5 5. Nf3 Nc6 6. g3 Nf6 7. Bg2 Be7 8. O-O
O-O 9. dxc5 Bxc5 10. Bg5 d4 11. Ne4 Be7 12. Nxf6+ Bxf6 13. Qd2 Be6 14. Rfd1
Bxg5 15. Qxg5 Qb6 16. Qh4 Qxb2 17. Nxd4 Nxd4 18. Qxd4 1/2-1/2

[Event "Skakligaen 2005/06"]
[Site "Denmark"]
[Date "2006.01.15"]
[Round "5.1"]
[White "Hillarp Persson, Tiger"]
[Black "Andreasen, Per Naesby"]
[Result "1-0"]
[WhiteElo "2534"]
[BlackElo "2280"]
[PlyCount "55"]
[EventDate "2005.11.05"]
[EventType "team"]
[EventRounds "9"]
[EventCountry "DEN"]
[WhiteTeam "Bronshoj"]
[BlackTeam "Norresundby"]
[WhiteTeamCountry "DEN"]
[BlackTeamCountry "DEN"]

1. d4 g6 2. e4 Bg7 3. c4 d6 4. Nc3 Nd7 5. Be2 e5 6. Nf3 exd4 7. Nxd4 Ngf6 8.
O-O O-O 9. Kh1 Nc5 10. f3 Ne6 11. Be3 Nxd4 12. Bxd4 Be6 13. Qd2 Qe7 14. Rae1
Nd7 15. Bxg7 Kxg7 16. f4 f6 17. Nd5 Bxd5 18. cxd5 Nc5 19. Bd1 a5 20. Bc2 b6 21.
Qd4 Kg8 22. b3 b5 23. a3 b4 24. axb4 axb4 25. Qxb4 Ra2 26. Qc4 Re8 27. e5 fxe5
28. b4 1-0

[Event "Skakligaen 2005/06"]
[Site "Denmark"]
[Date "2006.01.15"]
[Round "5.2"]
[White "Sorensen, Bent"]
[Black "Pilgaard, Kim"]
[Result "0-1"]
[WhiteElo "2262"]
[BlackElo "2417"]
[PlyCount "78"]
[EventDate "2005.11.05"]
[EventType "team"]
[EventRounds "9"]
[EventCountry "DEN"]
[WhiteTeam "Norresundby"]
[BlackTeam "Bronshoj"]
[WhiteTeamCountry "DEN"]
[BlackTeamCountry "DEN"]

1. Nf3 Nf6 2. g3 e6 3. Bg2 d5 4. c4 Be7 5. b3 c5 6. O-O Nc6 7. Bb2 O-O 8. e3 b6
9. Nc3 Ba6 10. d3 Rc8 11. Qe2 Qc7 12. e4 d4 13. Nb1 Nd7 14. Ne1 Bb7 15. f4 f5
16. Nd2 Rce8 17. Bc1 Kh8 18. g4 g5 19. gxf5 exf5 20. exf5 gxf4 21. Ne4 Rxf5 22.
Bh3 Rf7 23. Ng2 Bd6 24. Qh5 Ref8 25. Ng5 Nf6 26. Qh4 Re7 27. Bxf4 Nd8 28. Rf2
Bxf4 29. Rxf4 Rg7 30. Ne4 Bxe4 31. dxe4 Rgf7 32. Raf1 Ng8 33. Bf5 Nc6 34. R1f3
Rg7 35. Kh1 Rf6 36. Ne1 Ne5 37. Rh3 Ng6 38. Bxg6 Rxf4 39. Qg3 Rf1+ 0-1

[Event "Skakligaen 2005/06"]
[Site "Denmark"]
[Date "2006.01.15"]
[Round "5.3"]
[White "Hoi, Carsten"]
[Black "Jorgensen, Jorgen"]
[Result "1-0"]
[WhiteElo "2382"]
[BlackElo "2274"]
[PlyCount "61"]
[EventDate "2005.11.05"]
[EventType "team"]
[EventRounds "9"]
[EventCountry "DEN"]
[WhiteTeam "Bronshoj"]
[BlackTeam "Norresundby"]
[WhiteTeamCountry "DEN"]
[BlackTeamCountry "DEN"]

1. d4 d5 2. Nf3 Nc6 3. Bf4 Bg4 4. e3 e6 5. c4 Bb4+ 6. Nc3 Nf6 7. h3 Bxf3 8.
Qxf3 Ne4 9. Rc1 Qe7 10. cxd5 exd5 11. Qd1 O-O 12. Bd3 Nxd4 13. Bxe4 Ne6 14.
Qxd5 Nxf4 15. exf4 Rfe8 16. f3 Rad8 17. Qg5 f6 18. Qb5 Rd4 19. O-O c6 20. Qh5
g6 21. Bxg6 hxg6 22. Qxg6+ Kf8 23. Rce1 Qf7 24. Qh6+ Kg8 25. Rxe8+ Qxe8 26. Ne4
Be7 27. f5 Qf8 28. Qe3 Rd5 29. Qb3 Qf7 30. Qxb7 Rxf5 31. Qc8+ 1-0

[Event "Skakligaen 2005/06"]
[Site "Denmark"]
[Date "2006.01.15"]
[Round "5.4"]
[White "Pedersen, Svend"]
[Black "Bromann, Thorbjorn"]
[Result "1-0"]
[WhiteElo "2260"]
[BlackElo "2349"]
[PlyCount "73"]
[EventDate "2005.11.05"]
[EventType "team"]
[EventRounds "9"]
[EventCountry "DEN"]
[WhiteTeam "Norresundby"]
[BlackTeam "Bronshoj"]
[WhiteTeamCountry "DEN"]
[BlackTeamCountry "DEN"]

1. e4 b6 2. Nc3 Bb7 3. g3 e6 4. Bg2 f5 5. d3 Nf6 6. Nge2 Bc5 7. O-O fxe4 8.
dxe4 O-O 9. Nf4 Bb4 10. e5 Bxg2 11. Kxg2 Bxc3 12. bxc3 g5 13. Nh3 Nd5 14. Bxg5
Qe8 15. c4 Nb4 16. Nf4 Rxf4 17. Bxf4 Qg6 18. a3 N4a6 19. Qd3 Qh5 20. f3 Nc5 21.
Qd2 Nc6 22. Rae1 Rf8 23. g4 Qf7 24. Bh6 Ra8 25. Be3 Na4 26. Bf2 Rf8 27. Bg3 Nc5
28. h3 Na5 29. Qe2 Qe7 30. f4 Na4 31. f5 Qxa3 32. f6 Qc3 33. f7+ Rxf7 34. Rxf7
Kxf7 35. Rf1+ Ke8 36. Qf2 d6 37. exd6 1-0

[Event "Skakligaen 2005/06"]
[Site "Denmark"]
[Date "2006.01.15"]
[Round "5.5"]
[White "Brinck Claussen, Bjorn"]
[Black "Nielsen, Tommy"]
[Result "1-0"]
[WhiteElo "2306"]
[BlackElo "2154"]
[PlyCount "55"]
[EventDate "2005.11.05"]
[EventType "team"]
[EventRounds "9"]
[EventCountry "DEN"]
[WhiteTeam "Bronshoj"]
[BlackTeam "Norresundby"]
[WhiteTeamCountry "DEN"]
[BlackTeamCountry "DEN"]

1. e4 c6 2. d4 d5 3. Nc3 dxe4 4. Nxe4 Bf5 5. Ng3 Bg6 6. h4 h6 7. Nf3 Nd7 8. h5
Bh7 9. Bd3 Bxd3 10. Qxd3 e6 11. Bf4 Bb4+ 12. c3 Ba5 13. Ne4 Bc7 14. Nd6+ Bxd6
15. Bxd6 Ne7 16. O-O-O Qa5 17. Bxe7 Kxe7 18. Kb1 Rhd8 19. g4 c5 20. d5 Nf6 21.
d6+ Kf8 22. Ne5 b5 23. g5 c4 24. Qf3 b4 25. Rde1 hxg5 26. Qb7 Nd7 27. Nxd7+ Kg8
28. Ne5 1-0

[Event "Skakligaen 2005/06"]
[Site "Denmark"]
[Date "2006.01.15"]
[Round "5.6"]
[White "Willumsen, Henrik"]
[Black "Carstensen, Jacob"]
[Result "0-1"]
[WhiteElo "2163"]
[BlackElo "2303"]
[PlyCount "90"]
[EventDate "2005.11.05"]
[EventType "team"]
[EventRounds "9"]
[EventCountry "DEN"]
[WhiteTeam "Norresundby"]
[BlackTeam "Bronshoj"]
[WhiteTeamCountry "DEN"]
[BlackTeamCountry "DEN"]

1. e4 c5 2. Nf3 d6 3. d4 cxd4 4. Nxd4 Nf6 5. Nc3 a6 6. Bg5 e6 7. f4 Be7 8. Qf3
Qc7 9. O-O-O Nbd7 10. g4 h6 11. Qh3 Nb6 12. Nf3 Rf8 13. Bxf6 Bxf6 14. e5 Be7
15. exd6 Bxd6 16. Ne5 Bd7 17. Ne4 Bxe5 18. fxe5 O-O-O 19. Nd6+ Kb8 20. Bg2 Bc6
21. Bxc6 Qxc6 22. Rhf1 f6 23. Qg3 Ka8 24. Rf4 Nd5 25. Rc4 Qb6 26. Rcd4 fxe5 27.
Nc4 Qxd4 28. Rxd4 exd4 29. b3 Rf4 30. Nb6+ Ka7 31. Nxd5 Rf1+ 32. Kb2 Rxd5 33.
Qc7 Rf2 34. Ka3 g5 35. c4 dxc3 36. Qxc3 Re2 37. Qf3 Ra5+ 38. Kb4 Raxa2 39. Qc3
Rec2 40. Qd4+ b6 41. Qd7+ Kb8 42. Qxe6 Rc7 43. h4 Ka7 44. h5 a5+ 45. Kb5 Rc5#
0-1